| 000 | nam a22 7a 4500 | ||
|---|---|---|---|
| 999 |
_c154217 _d154215 |
||
| 005 | 20200212114647.0 | ||
| 008 | 200212b mx ||||| |||| 00| 0 spa d | ||
| 020 | _a9786077775539 (Colson) | ||
| 020 | _a9786078332632 (UAEM) | ||
| 050 | 0 | 4 |
_aLC191.8.M62 _bE88 2014 |
| 100 | 1 | _aEstrada Ruiz, Marcos Jacobo | |
| 245 | 1 | 0 |
_aEducación, política y proyecto de vida en los jóvenes / _cMarcos Jacobo Estrada Ruiz |
| 260 |
_aHermosillo, Sonora, México : _bEl Colegio de Sonora : _bUniversidad Autónoma del Estado de Morelos, _c2014 |
||
| 300 |
_a313 páginas ; _c22 cm |
||
| 504 | _aBibliografía p. 297-313 | ||
| 650 | 7 |
_2lemb _aEducación _xAspectos sociales _zMorelos (México) |
|
| 650 | 7 |
_2lemb _aJuventud _xConducta de vida _zMorelos (México) |
|
| 650 | 7 |
_2lemb _aJóvenes _xEmpleo _zMorelos (México) |
|
| 650 | 7 |
_2lemb _aValores sociales _zMorelos (México) |
|
| 942 |
_2lcc _cLIB |
||